Shelter in the city / (Record no. 42621)

MARC details
000 -LEADER
fixed length control field 00628nam a22002057a 4500
005 - DATE AND TIME OF LATEST TRANSACTION
control field 20100819160323.0
010 ## - LCCN (DPL NO)
LC control number ENG-101007
020 ## - INTERNATIONAL STANDARD BOOK NUMBER
International Standard Book Number 9788181578297
Terms of availability 200.00
035 ## - SYSTEM CONTROL NUMBER
System control number EN-84540
037 ## - SOURCE OF ACQUISITION
Source of stock number/acquisition DBAD/PUB
082 ## - DEWEY DECIMAL CLASSIFICATION NUMBER
Classification number N
100 ## - MAIN ENTRY--PERSONAL NAME
Personal name Shah,Kishor D
245 ## - TITLE STATEMENT
Title Shelter in the city /
Statement of responsibility, etc by Kishor D Shah
250 ## - EDITION STATEMENT
Edition statement 2nd ed.
260 ## - PUBLICATION, DISTRIBUTION, ETC. (IMPRINT)
Place of publication, distribution, etc Kolkata
Name of publisher, distributor, etc Writers Workshop
Date of publication, distribution, etc 2009
270 ## - ADDRESS
Address Writers Workshop
City Kolkata
300 ## - PHYSICAL DESCRIPTION
Extent 111p
Dimensions 21cm(pbk)
942 ## - ADDED ENTRY ELEMENTS (KOHA)
Source of classification or shelving scheme Dewey Decimal Classification
Item type English Books
Classification part N
Call number suffix SHA
Holdings
Withdrawn status Lost status Not for loan Collection code Home library Current library Date acquired Source of acquisition Cost, normal purchase price Full call number Barcode Copy number Cost, replacement price Koha item type
    Not For Loan Fiction D.B.Act.Division D.B.Act.Division 19/08/2010 DBAD/PUB 200.00 N SHA EN-84540 1 200.00 English Books

© Delhi Public Library
Hit Counter
free hit counter